00432nam a2200121Ia 4500082001200000100001700012245014100029260003400170300002100204650002000225650004800245710001700293 aTS.0015 aSuthar, J.J. 0aInvestigation into the effect of caste, effectiveness, responsibility and sex of the primary school teachers upon the pupils achievement c1987bSardar Patel University a322p. + C D - 50 aSCHOOL CHILDREN aELEMENTARY SCHOOL STUDENTS//SCHOOL CHILDREN aPandya, N.L.